<?xml version="1.0" encoding="UTF-8"?>
<record
    xmlns:xsi="http://www.w3.org/2001/XMLSchema-instance"
    xsi:schemaLocation="http://www.loc.gov/MARC21/slim http://www.loc.gov/standards/marcxml/schema/MARC21slim.xsd"
    xmlns="http://www.loc.gov/MARC21/slim">

  <leader>00767cam a2200229 a 4500</leader>
  <controlfield tag="001">sa 68008591 </controlfield>
  <controlfield tag="003">DLC</controlfield>
  <controlfield tag="005">20260227112533.0</controlfield>
  <controlfield tag="008">970826s1966    ce       b    000 0 sin  </controlfield>
  <datafield tag="010" ind1=" " ind2=" ">
    <subfield code="a">sa 68008591 </subfield>
  </datafield>
  <datafield tag="040" ind1=" " ind2=" ">
    <subfield code="a">DLC</subfield>
    <subfield code="c">DLC</subfield>
    <subfield code="d">DLC</subfield>
  </datafield>
  <datafield tag="043" ind1=" " ind2=" ">
    <subfield code="a">a-ce---</subfield>
  </datafield>
  <datafield tag="050" ind1="0" ind2="0">
    <subfield code="a">DS489.5</subfield>
    <subfield code="b">.S48</subfield>
  </datafield>
  <datafield tag="100" ind1="1" ind2=" ">
    <subfield code="a">Silv&#x101;, Em. Ec. P&#x12B;&#x1E6D;ar.,</subfield>
    <subfield code="d">1908-</subfield>
  </datafield>
  <datafield tag="245" ind1="1" ind2="0">
    <subfield code="a">Si&#x1E43;hala mahimaya /</subfield>
    <subfield code="c">Em. Ec. P&#x12B;&#x1E6D;ar Silv&#x101;.</subfield>
  </datafield>
  <datafield tag="260" ind1=" " ind2=" ">
    <subfield code="a">Ko&#x1E37;amba :</subfield>
    <subfield code="b">Gu&#x1E47;asiri Prak&#x101;&#x15B;akay&#x14D; ;</subfield>
    <subfield code="b">Bed&#x101; harinn&#x14D;, &#x102;m. &#x1E0C;&#x12B;. Gu&#x1E47;as&#x113;na,</subfield>
    <subfield code="c">[1966]</subfield>
  </datafield>
  <datafield tag="300" ind1=" " ind2=" ">
    <subfield code="a">124, iivx (i.e. xvii) p. ;</subfield>
    <subfield code="c">18 cm.</subfield>
  </datafield>
  <datafield tag="546" ind1=" " ind2=" ">
    <subfield code="a">In Sinhalese.</subfield>
  </datafield>
  <datafield tag="504" ind1=" " ind2=" ">
    <subfield code="a">Includes bibliographical references (p. 95-124).</subfield>
  </datafield>
  <datafield tag="520" ind1=" " ind2=" ">
    <subfield code="a">History of the people of Ceylon to the 8th cent.</subfield>
  </datafield>
  <datafield tag="651" ind1=" " ind2="0">
    <subfield code="a">Sri Lanka</subfield>
    <subfield code="x">History</subfield>
    <subfield code="y">To 1505.</subfield>
  </datafield>
  <datafield tag="999" ind1=" " ind2=" ">
    <subfield code="c">82459</subfield>
    <subfield code="d">82459</subfield>
  </datafield>
</record>
